Welcome to CU Library Online Public Access Catalogue (OPAC)

COMEBACK (Record no. 6014)

MARC details
000 -LEADER
fixed length control field 00333nam a22001337a 4500
005 - DATE AND TIME OF LATEST TRANSACTION
control field 20250528173350.0
008 - FIXED-LENGTH DATA ELEMENTS--GENERAL INFORMATION
fixed length control field 250528b |||||||| |||| 00| 0 eng d
050 ## - LIBRARY OF CONGRESS CALL NUMBER
Classification number GV865
Item number .D66 DRA
100 ## - MAIN ENTRY--PERSONAL NAME
Personal name DRAVECKY DAVE
245 ## - TITLE STATEMENT
Title COMEBACK
260 ## - PUBLICATION, DISTRIBUTION, ETC.
Place of publication, distribution, etc. SAN FRANCISCO
Name of publisher, distributor, etc. HARPER AND ROW PUBLISHER
Date of publication, distribution, etc. c1990
300 ## - PHYSICAL DESCRIPTION
Extent 251p
942 ## - ADDED ENTRY ELEMENTS (KOHA)
Source of classification or shelving scheme Library of Congress Classification
Koha item type Books
Suppress in OPAC No
999 ## -
-- 6014
-- 6014
Holdings
Withdrawn status Lost status Source of classification or shelving scheme Damaged status Not for loan Collection Home library Current library Shelving location Date acquired Total checkouts Full call number Barcode Date last seen Copy number Price effective from Koha item type
    Library of Congress Classification     Non-fiction Undergraduate Library (Christ Temple) Undergraduate Library (Christ Temple) General stacks 05/28/2025   GV865.D66 DRA ulct00002697 05/28/2025 1 05/28/2025 Books
© 2023-2024 Copyright: Central University Libraries. All Rights Reserved | Created by: Mahone Tech Office